Loading...
| Current Events | 2 | 15.00 | 100% | 50% | 0% |
| Fine Arts - Classical Music | 5 | 8.00 | 80% | 0% | 0% |
| Fine Arts - Other Fine Arts | 2 | 15.00 | 100% | 0% | 50% |
| Fine Arts - Painting and Sculpture | 5 | 10.00 | 100% | 0% | 0% |
| Geography | 1 | 30.00 | 100% | 100% | 100% |
| History - American History | 4 | 10.00 | 75% | 0% | 25% |
| History - European History | 4 | 5.00 | 50% | 0% | 0% |
| History - Other History | 4 | 7.50 | 75% | 0% | 0% |
| History - World History | 2 | 10.00 | 100% | 0% | 0% |
| Literature - American Literature | 5 | 12.00 | 100% | 20% | 0% |
| Literature - British Literature | 3 | 13.33 | 100% | 33% | 0% |
| Literature - European Literature | 4 | 10.00 | 100% | 0% | 0% |
| Literature - World Literature | 6 | 11.67 | 83% | 33% | 0% |
| Mythology | 3 | 10.00 | 100% | 0% | 0% |
| Other Academic | 1 | 10.00 | 0% | 100% | 0% |
| Philosophy | 4 | 7.50 | 75% | 0% | 0% |
| Pop Culture | 1 | 30.00 | 100% | 100% | 100% |
| Religion | 6 | 5.00 | 50% | 0% | 0% |
| Science - Biology | 3 | 10.00 | 100% | 0% | 0% |
| Science - Chemistry | 4 | 5.00 | 50% | 0% | 0% |
| Science - Other Science | 4 | 5.00 | 50% | 0% | 0% |
| Science - Physics | 3 | 6.67 | 67% | 0% | 0% |
| Social Science | 2 | 10.00 | 100% | 0% | 0% |